KOHA-Header-6

Pakistan Society Islam, Ethniciy and Leadership in South Asia (Record no. 13263)

000 -LEADER
fixed length control field 00321nam a22001217a 4500
020 ## - INTERNATIONAL STANDARD BOOK NUMBER
ISBN 9789699988400
082 ## - DEWEY DECIMAL CLASSIFICATION NUMBER
Classification number 305.800
100 ## - MAIN ENTRY--AUTHOR NAME
Personal name Akbar S.Ahmad
245 ## - TITLE STATEMENT
Title Pakistan Society Islam, Ethniciy and Leadership in South Asia
260 ## - PUBLICATION, DISTRIBUTION, ETC. (IMPRINT)
Place of publication Lahore Pakistan
Name of publisher Peace Publications
Year of publication 2017
300 ## - PHYSICAL DESCRIPTION
Number of Pages 264 pages
942 ## - ADDED ENTRY ELEMENTS (KOHA)
Koha item type Books
Holdings
Withdrawn status Lost status Collection code Permanent Location Current Location Shelving location Date acquired Full call number Accession Number Koha item type
      MAJU MAJU   2022-03-02 305.800 10248 Pakistan Studies

Powered by Koha